Family Guy Lyrics Quiz Stats

 Plays Quiz not verified by Sporcle

Challenge
Share
Tweet
Embed
Score 0/55 Timer 05:00
0 Plays Today
Lyrics % Correct
???
100%
???
98.1%
???
95.6%
???
95.3%
???
95.3%
???
94%
???
94%
???
94%
???
93.7%
???
87.1%
???
87.1%
???
87.1%
???
86.8%
???
86.8%
???
86.8%
???
84%
???
82.1%
???
81.5%
???
80.9%
???
80.3%
???
80.3%
???
76.2%
???
75.9%
???
60.8%
???
60.2%
???
59.9%
???
59.2%
???
59.2%
Lyrics % Correct
???
58.9%
???
52.7%
???
50.5%
???
45.5%
???
45.5%
???
45.1%
???
41.1%
???
40.8%
???
39.5%
???
39.2%
???
39.2%
???
37.3%
???
36.4%
???
36.1%
???
35.7%
???
35.7%
???
35.7%
???
35.7%
???
35.7%
???
35.7%
???
35.1%
???
35.1%
???
35.1%
???
35.1%
???
35.1%
???
35.1%
???
35.1%

You're not logged in!

Compare scores with friends on all Sporcle quizzes.
OR
Log In

You Might Also Like...

Show Comments

Extras

Created Jul 14, 2010ReportNominate
Tags:Lyrics Quiz, family, guy

Top Quizzes Today


Score Distribution

Your Account Isn't Verified!

In order to create a playlist on Sporcle, you need to verify the email address you used during registration. Go to your Sporcle Settings to finish the process.

Report this User

Report this user for behavior that violates our Community Guidelines.

Details: